[Event "Thanet op-B 50th"]
[Site "Margate"]
[Date "2019.08.18"]
[Round "4"]
[White "Waters, Andrew"]
[Black "Heath, David R"]
[Result "1/2-1/2"]
[WhiteElo "1790"]
[BlackElo "1877"]
[PlyCount "72"]
[EventDate "2019.08.16"]
[EventType "swiss"]
[EventRounds "5"]
[EventCountry "ENG"]
[SourceTitle "EXT 2024"]
[Source "ChessBase"]
[SourceDate "2023.10.10"]
[SourceVersion "1"]
[SourceVersionDate "2023.10.10"]
[SourceQuality "1"]

1. e4 d5 2. exd5 Nf6 3. Nf3 Nxd5 4. d4 g6 5. Be2 Bg7 6. 0-0 c6 7. c4 Nf6 8. Nc3 0-0 9. h3 Bf5 10. Be3 h5 11. Qd2 Nbd7 12. Bh6 Qc7 13. Bxg7 Kxg7 14. Rac1 Rad8 15. Qg5 Ne4 16. Nxe4 Bxe4 17. Qxe7 Rfe8 18. Qa3 a6 19. Qc3 Kg8 20. Rfe1 Qf4 21. Qd2 Qf6 22. Qg5 Bxf3 23. Qxf6 Nxf6 24. Bxf3 Rxd4 25. Rxe8+ Nxe8 26. Rc2 Nd6 27. b3 Kg7 28. Kf1 Kf6 29. Ke2 Ke5 30. g3 Nf5 31. h4 Rd6 32. Rc3 Nd4+ 33. Ke1 Nf5 34. Ke2 Nd4+ 35. Ke1 Nf5 36. Ke2 Nd4+ 1/2-1/2

[Event "Crawley e2e4 Gatwick op U1850"]
[Site "Crawley"]
[Date "2016.05.28"]
[Round "2"]
[White "Heath, David R"]
[Black "Divilly, Paddy"]
[Result "1-0"]
[WhiteElo "1647"]
[BlackElo "1528"]
[PlyCount "49"]
[EventDate "2016.05.27"]
[EventType "swiss"]
[EventRounds "7"]
[EventCountry "ENG"]
[SourceTitle "EXT 2019"]
[Source "ChessBase"]
[SourceDate "2018.10.10"]
[SourceVersion "1"]
[SourceVersionDate "2018.10.10"]
[SourceQuality "1"]

1. d4 Nf6 2. Nf3 g6 3. Nc3 d5 4. Bf4 Bg7 5. Qd2 c6 6. e3 0-0 7. Bd3 Nbd7 8. 0-0 b6 9. Rfe1 Bb7 10. Ne5 c5 11. f3 c4 12. Bf1 a6 13. a4 Rc8 14. e4 e6 15. Bg5 Qc7 16. exd5 exd5 17. g3 Rfe8 18. Bh3 Rcd8 19. Bxd7 Rxd7 20. Nxd7 Qxd7 21. Rxe8+ Qxe8 22. Re1 Qd7 23. Qf4 Ne8 24. Re7 Qc6 25. Qxf7+ 1-0

[Event "Hampshire op"]
[Site "Eastleigh"]
[Date "2015.11.07"]
[Round "3"]
[White "Stimpson, Philip M"]
[Black "Heath, David R"]
[Result "1/2-1/2"]
[WhiteElo "1992"]
[BlackElo "1631"]
[PlyCount "80"]
[EventDate "2015.11.06"]
[EventType "swiss"]
[EventRounds "6"]
[EventCountry "ENG"]
[SourceTitle "CBM 169 Extra"]
[Source "ChessBase"]
[SourceDate "2015.12.18"]
[SourceVersion "1"]
[SourceVersionDate "2015.12.18"]
[SourceQuality "1"]

1. e4 d5 2. exd5 Nf6 3. Nc3 Bg4 4. Be2 Bxe2 5. Qxe2 a6 6. Qf3 Nbd7 7. Nge2 Nb6 8. 0-0 Nbxd5 9. Nxd5 Qxd5 10. Qxd5 Nxd5 11. d4 0-0-0 12. a3 e6 13. c4 Nf6 14. Be3 Be7 15. h3 h6 16. Nc3 g5 17. Rfd1 Rhg8 18. b4 Nh5 19. Rac1 f5 20. d5 e5 21. g4 fxg4 22. hxg4 Nf4 23. Bxf4 gxf4 24. f3 h5 25. Kf2 hxg4 26. fxg4 Rxg4 27. Rg1 Bh4+ 28. Kf3 Rg3+ 29. Rxg3 Bxg3 30. Ne4 Bh4 31. Rh1 Be7 32. Rh5 b5 33. Rxe5 Bd6 34. Nxd6+ cxd6 35. Re4 Rh8 36. cxb5 axb5 37. Kxf4 Rh5 38. Rd4 Rh4+ 39. Ke3 Rh3+ 40. Ke4 Rh4+ 1/2-1/2